Vybrané časti stavebno-technologickej prípravy na stavbu "Administratívna budova PANORAMA CITY BUSINESS III."

Salvato in:
Dettagli Bibliografici
Autore principale: Bartoň, Matej (Autore)
Altri autori: Ellingerová, Helena (Relatore della tesi)
Natura: Manoscritto Libro
Lingua:slovacco
Pubblicazione: 2019
Soggetti:
Accesso online:http://is.stuba.sk/zp/portal_zp.pl?podrobnosti=144682
https://opac.crzp.sk/?fn=detailBiblioForm&sid=9F8942B94996237AA2F514F666DC
Tags: Aggiungi Tag
Nessun Tag, puoi essere il primo ad aggiungerne!!

MARC

LEADER 00000ntm a22000003a 4500
001 stuzp74060
003 SK-STU
005 20230525143915.6
007 ta
008 150427s2015----xo-----f-mn---000-0-slo-d
040 |a STU  |b slo 
041 0 |a slo 
100 1 |a Bartoň, Matej  |u 010270  |k Z4  |4 aut  |U SvF Stavebná fakulta  |T SvF Katedra technológie stavieb  |X 62868  |U V270  |Y 28  |7 62868 
242 0 1 |a Selected parts of building and technological preparation for the "Office building PANORAMA CITY BUSINESS III."  |y eng 
245 1 0 |a Vybrané časti stavebno-technologickej prípravy na stavbu "Administratívna budova PANORAMA CITY BUSINESS III." 
260 |c 2019 
650 4 |a zariadenie staveniska  |2 slo 
650 4 |a hsp  |2 slo 
650 4 |a psv  |2 slo 
650 4 |a building technology  |2 eng 
650 4 |a administrative building  |2 eng 
650 4 |a hsp  |2 eng 
700 1 |a Ellingerová, Helena  |u 010270  |k Z1  |4 ths  |U SvF Stavebná fakulta  |T SvF Katedra technológie stavieb  |X 925  |U V270  |Y 28  |7 A000000925 
856 4 |u http://is.stuba.sk/zp/portal_zp.pl?podrobnosti=144682 
856 4 |u https://opac.crzp.sk/?fn=detailBiblioForm&sid=9F8942B94996237AA2F514F666DC